<?xml version="1.0" encoding="UTF-8"?>
<collection xmlns="http://www.loc.gov/MARC21/slim">
 <record>
  <leader>00480pamaa2200157   4500</leader>
  <controlfield tag="001">0000031648</controlfield>
  <controlfield tag="005">20110405090000.0</controlfield>
  <datafield tag="020" ind1="0" ind2="0">
   <subfield code="a">184112172X </subfield>
  </datafield>
  <datafield tag="082" ind1=" " ind2=" ">
   <subfield code="a">658.4063 CAM</subfield>
  </datafield>
  <datafield tag="090" ind1="0" ind2="0">
   <subfield code="a">HD58.8 </subfield>
   <subfield code="b">CAM 2001</subfield>
  </datafield>
  <datafield tag="100" ind1="1" ind2="0">
   <subfield code="a">CAMRASS </subfield>
  </datafield>
  <datafield tag="245" ind1="1" ind2="4">
   <subfield code="a">The Atomic corporation : </subfield>
   <subfield code="b">a rational proposal for uncertain times  </subfield>
   <subfield code="c">Roger Camrass and Martin Farncombe.</subfield>
  </datafield>
  <datafield tag="260" ind1="0" ind2="0">
   <subfield code="a">Oxford: </subfield>
   <subfield code="b">Capstone, </subfield>
   <subfield code="c">2001.</subfield>
  </datafield>
  <datafield tag="300" ind1=" " ind2=" ">
   <subfield code="a">xiv, 223p.: </subfield>
   <subfield code="b">ill.; </subfield>
   <subfield code="c">24cm.</subfield>
  </datafield>
  <datafield tag="650" ind1="0" ind2="0">
   <subfield code="a">Organizational change </subfield>
  </datafield>
  <datafield tag="700" ind1="1" ind2="1">
   <subfield code="a">FARNCOMBE, </subfield>
   <subfield code="h">Martin </subfield>
  </datafield>
 </record>
</collection>
